Top 10 des pays touristiques les plus cher du monde - Statistiques

Statistiques générales
  • Ce quiz a été pris 98 fois
  • Le résultat moyen est 2 sur 10
Statistiques - réponses
Moyenne en dollar Pays % Correct
248 États-Unis
96%
250 Suisse
57%
267 Maldives
15%
330 Barbade
9%
258 Grenade
7%
310 Antigua et Barbuda
5%
271 Saint Christophe et Nieves
5%
221 Groenland
3%
248 Micronesie
3%
220 Emirat Arabes Unis
1%
Aucun quiz correspondant
Distribution des résultats
% des personnes avec chaque résultat
Percentile par nombre de réponses
Votre historique - résultats
Vous n’avez pas pris ce quiz